Nuevo ven : (Record no. 109731)
[ view plain ]
| 000 -LEADER | |
|---|---|
| fixed length control field | 00403nam a2200169 a 4500 |
| 005 - DATE AND TIME OF LATEST TRANSACTION | |
| control field | 20140414093848.0 |
| 008 - FIXED-LENGTH DATA ELEMENTS--GENERAL INFORMATION | |
| fixed length control field | 110321s19uu xx 00 eng d |
| 020 ## - INTERNATIONAL STANDARD BOOK NUMBER | |
| International Standard Book Number | 9788477118428 |
| 050 ## - LIBRARY OF CONGRESS CALL NUMBER | |
| Classification number | CD 460 |
| Item number | Es6 2009 |
| 100 ## - MAIN ENTRY--PERSONAL NAME | |
| Personal name | Castro, F. |
| 245 #0 - TITLE STATEMENT | |
| Title | Nuevo ven : |
| Remainder of title | libro del alumno 2 CD1. |
| 260 ## - PUBLICATION, DISTRIBUTION, ETC. (IMPRINT) | |
| Date of publication, distribution, etc | 2009. |
| 650 ## - SUBJECT ADDED ENTRY--TOPICAL TERM | |
| Topical term or geographic name as entry element | Spanish language |
| 942 ## - ADDED ENTRY ELEMENTS (KOHA) | |
| Koha item type | Audio Visual Materials |
| Withdrawn status | Lost status | Damaged status | Home library | Current library | Shelving location | Date acquired | Source of acquisition | Total Checkouts | Full call number | Barcode | Date last seen | Price effective from | Koha item type |
|---|---|---|---|---|---|---|---|---|---|---|---|---|---|
| Luxembourg Library | Luxembourg Library | Audio Visual Material Section | 03/21/2011 | CD 460 Es6 2009 | AV1400 | 04/14/2014 | 04/14/2014 | Audio Visual Materials | |||||
| Luxembourg Library | Luxembourg Library | Audio Visual Material Section | 04/24/2012 | CD 460 Es6 2009 | AV1483 | 04/14/2014 | 04/14/2014 | Audio Visual Materials |